[Event "BL 2018-19"]
[Site "Berlin"]
[Date "2019.03.10"]
[Round "13.6"]
[White "Hoffmann, Paul"]
[Black "Baramidze, David"]
[Result "1/2-1/2"]
[WhiteElo "2376"]
[BlackElo "2614"]
[Annotator "TA"]
[PlyCount "74"]
[EventDate "2018.11.10"]
[EventType "team-tourn"]
[EventCountry "GER"]
[SourceTitle "playchess.com"]
[Source "ChessBase"]
[SourceQuality "1"]
[WhiteTeam "Dresden"]
[BlackTeam "Hockenheim"]

{[%evp 10,74,36,24,42,19,22,-28,-18,-31,-22,-56,-33,-28,0,-28,-19,-39,-30,-47,-44,-47,-54,-74,-52,-75,-62,-76,-75,-60,-64,-75,-71,-72,-49,-76,-83,-79,-72,-91,-87,-83,-88,-90,-79,-83,-85,-429,-452,-447,-442,-417,-374,-337,0,0,0,0,0,0,0,0,0,0,0,0,0]} 1. e4 e5 2. Nf3 Nc6 3. Bc4 Nf6 4. d3 h6 5. O-O d6 6. c3 g5 {C55: Two Knights: 4 d3, 4 d4 exd4 5 e5 and Max Lange Attack} 7. b4 (7. Nbd2 Bg7 8. Bb3 O-O 9. Nc4 d5 10. Ncxe5 dxe4 11. dxe4 Nxe5 12. Nxe5 Qxd1 13. Rxd1 Nxe4 14. Nd3 {½-½ (34) Giri,A (2783)-Matlakov,M (2700) St Petersburg 2018}) 7... Bg7 8. Qb3 $146 ({Predecessor:} 8. Bb2 O-O 9. Re1 Nh5 10. g3 Bg4 11. Nbd2 Nf6 12. Qb3 a5 13. a4 Nd7 14. b5 {½-½ (64) Muzychuk,M (2478)-Ragger,M (2680) Munich 2016}) 8... O-O {Black has an edge.} 9. Bb2 Ne7 {[%cal Bc6e7,Be7g6,Bg6e5][%mdl 32]} 10. Re1 Ng6 11. d4 Nh5 (11... g4 $5 {[%cal Rg4f3]} 12. Nfd2 c6 $11) 12. g3 Kh8 13. dxe5 g4 14. Nd4 ({Much worse is} 14. Bxf7 Nhf4 $17) 14... Nxe5 15. Nd2 c5 16. bxc5 dxc5 17. Rad1 cxd4 18. cxd4 Nxc4 19. Nxc4 Nf6 20. Ba3 $1 Nh7 21. Bxf8 Qxf8 22. h4 $1 gxh3 23. f4 Bg4 24. e5 Bxd1 25. Rxd1 Rd8 26. Kh2 Qe7 27. d5 Nf8 28. Na5 $2 {[%mdl 8192]} (28. Qf3 $17 {is more resistant.}) 28... Qc5 $19 29. Nxb7 Qf2+ 30. Kxh3 Rb8 31. d6 Qe2 $2 (31... Ne6 $19 32. d7 Qe2 33. d8=Q+ Nxd8 34. Rxd8+ Rxd8 35. Nxd8 Qh5+ 36. Kg2 Qe2+ 37. Kh3 Qh5+ 38. Kg2 Qe2+ 39. Kh3) 32. d7 $11 {[#]The position is equal.} Nxd7 $1 {[%mdl 512]} 33. Rxd7 Qf1+ 34. Kh2 $1 {Hoping for Qc2.} Qf2+ 35. Kh3 Qf1+ 36. Kh2 $1 {[#] Threatens to win with Qc2.} Qf2+ 37. Kh3 Qf1+ {Accuracy: White = 48%, Black = 73%.} 1/2-1/2

[Event "BL 2018-19"]
[Site "Berlin"]
[Date "2019.03.24"]
[Round "13.7"]
[White "Gustafsson, Jan"]
[Black "Bromann, Thorbjorn"]
[Result "1/2-1/2"]
[WhiteElo "2641"]
[BlackElo "2396"]
[Annotator "TA"]
[PlyCount "87"]
[EventDate "2018.11.10"]
[EventType "team-tourn"]
[EventCountry "GER"]
[SourceTitle "playchess.com"]
[Source "ChessBase"]
[SourceQuality "1"]
[WhiteTeam "Baden-Baden"]
[BlackTeam "Kiel"]

{[%evp 19,87,41,31,-8,-1,-33,-27,-33,0,-56,0,0,-14,-22,113,58,48,48,58,6,18,29,18,-18,-6,-51,-6,-96,0,-8,0,-8,-7,-83,23,33,66,62,98,3,10,0,11,12,123,140,145,1,4,6,8,0,0,0,0,-22,0,0,0,0,0,0,0,0,4,0,0,-25,-10,-41]} 1. d4 e6 2. c4 Bb4+ 3. Nd2 Nf6 4. Ngf3 O-O 5. a3 Be7 6. e4 d5 7. e5 Nfd7 8. Bd3 {E11: Bogo-Indian} c5 9. h4 h6 (9... g6 10. O-O Nc6 11. Nb3 dxc4 12. Bxc4 cxd4 13. Re1 a5 14. Bh6 Re8 15. Rc1 Nb6 {1-0 (39) Ding,L (2804)-Saric,I (2689) Batumi 2018}) 10. Bb1 Re8 {LiveBook: 16 Games} 11. O-O $146 ({Predecessor:} 11. Ng5 cxd4 12. f4 Nc6 13. Qh5 Rf8 14. cxd5 exd5 {1-0 (29) Gareyev,T (2605)-Rozum,I (2595) Chennai 2018}) 11... cxd4 12. Qc2 {Threatening mate with Qh7+.} Nf8 13. Rd1 Bxh4 14. Nxh4 ({White should try} 14. Nxd4 $11 Be7 15. N2f3) 14... Qxh4 (14... d3 $1 $15 15. Qc3 (15. Qxd3 Qxh4 16. b3 Qh5 $11) (15. Qa4 Bd7 $15) 15... Qxh4) 15. Nf3 $1 $11 {[%cal Rf3h4]} d3 16. Rxd3 Qe7 {[#]} (16... Qh5 $1 $11) 17. Rd4 (17. cxd5 $6 exd5 18. Rxd5 Be6 $11) (17. Nh2 $1 $16) 17... Nbd7 $14 18. Bd2 {[%mdl 1024] White has compensation.} a5 19. a4 ({Better is} 19. Qc3 $14) 19... Ng6 $11 20. Ra3 Ndf8 21. Rc3 Bd7 22. Qc1 Rec8 {[%cal Be8c8,Bc8c7,Bc7d7][%mdl 32]} 23. c5 (23. cxd5 $11 exd5 24. Rxd5) 23... Nh7 (23... Be8 $17 24. Qc2 Qc7) 24. Rg4 {[%cal Bd4g4,Bg4g3,Bg3h3][%mdl 32]} Be8 25. Be3 Rc7 26. Qd2 (26. Bxg6 $11 {remains equal.} fxg6 27. Nd4) 26... h5 (26... Rac8 $17) 27. Rg3 $1 Bxa4 28. Rh3 d4 29. Bxd4 ({But not} 29. Qxd4 $6 Bc6 $11) (29. Nxd4 $16 h4 30. Bxg6 fxg6 31. Rc4) 29... Rd8 30. Rxh5 Rcd7 $1 31. Qe3 Bd1 {[#]} (31... Bc6 $11 32. Rc4 Nhf8) 32. Rxh7 $1 $16 Kxh7 33. c6 (33. Ng5+ $16 Kg8 34. c6 Rxd4 35. Bxg6 (35. c7 Bh5 $15) 35... fxg6 36. c7) 33... Bxf3 $1 $11 ({Avoid the trap} 33... bxc6 $2 34. Ng5+ Kg8 35. Bc5 $18) 34. cxd7 Bc6 $1 35. Qh3+ Kg8 36. Bxg6 fxg6 37. Bc5 Qf7 38. Qh4 g5 39. Qxg5 Rxd7 40. Bd6 {And now Rh3 would win.} Qf5 41. Qxf5 exf5 42. Rc5 a4 43. Ra5 Rd8 44. f3 {Precision: White = 37%, Black = 58%.} 1/2-1/2

[Event "BL 2018-19"]
[Site "Berlin"]
[Date "2019.03.10"]
[Round "13.7"]
[White "Buhmann, Rainer"]
[Black "Loxine, Jakov"]
[Result "1-0"]
[WhiteElo "2574"]
[BlackElo "2393"]
[Annotator "TA"]
[PlyCount "87"]
[EventDate "2018.11.10"]
[EventType "team-tourn"]
[EventCountry "GER"]
[SourceTitle "playchess.com"]
[Source "ChessBase"]
[SourceQuality "1"]
[WhiteTeam "Hockenheim"]
[BlackTeam "Dresden"]

{[%evp 11,87,20,31,29,47,45,46,40,41,41,40,50,54,50,50,50,57,57,76,54,99,93,80,78,135,121,140,152,129,109,110,109,146,122,133,128,100,104,100,116,124,130,63,0,77,64,54,67,109,106,120,87,83,87,79,83,304,302,602,602,581,594,564,594,633,630,623,573,605,0,549,493,1837,705,1266,1224,2343,2079]} 1. e4 c5 2. Nf3 Nc6 3. d4 cxd4 4. Nxd4 e5 5. Nb5 d6 6. c4 Be6 7. N5c3 {B32: Sicilian: Löwenthal and Kalashnikov Variations} (7. N1c3 a6 8. Na3 Be7 9. Nc2 Rc8 10. b3 Nf6 11. a4 Na5 12. Ne3 b5 13. axb5 axb5 14. Nxb5 Nxe4 15. Bd3 Nc5 16. Bc2 Nc6 17. O-O O-O 18. Ba3 Qb6 {0-1 (43) Brunello,S (2555)-Cornette,D (2404) Douglas 2017}) 7... Nf6 8. Bd3 g6 $146 ({Predecessor:} 8... Be7 9. O-O O-O 10. Nd5 Nd7 11. Nbc3 Nc5 12. Bb1 Bg5 13. Be3 Rc8 {1-0 (52) Muller,A (2142)-Ek,A (2115) Saint-Quentin 2015}) 9. O-O {White is slightly better.} Bg7 10. Nd5 Nd7 11. Nbc3 O-O 12. Be3 a6 13. Rc1 f5 14. exf5 gxf5 15. f4 e4 16. Be2 Rc8 17. Qd2 Kh8 (17... Qe8 $142) 18. Rfd1 $16 Bf7 19. b4 Qe8 20. a3 Rg8 21. Na4 Qe6 22. g3 h5 23. Kh1 Kh7 24. Nab6 Nxb6 25. Bxb6 (25. Nxb6 Rcd8 $14) 25... h4 26. gxh4 Ne7 (26... Qh6 $16) 27. Ne3 (27. Nxe7 $14 Qxe7 28. Qxd6) 27... Rc6 (27... Bh6 $11) 28. Bd4 Qh6 29. Rg1 $1 Bxd4 30. Qxd4 d5 31. cxd5 Rxc1 32. Rxc1 {Hoping for Rc7.} Qxf4 {[#] White must now prevent ...Nxd5!} 33. Rf1 $1 {[%cal Rf1f4]} Qd6 $2 {[#]} (33... Qxh4 $16 34. Qe5 Qg5) 34. Bg4 $1 $18 {[%mdl 512]} Bg6 $2 (34... Be6 35. Bh3 Bd7) (34... fxg4 35. Rxf7+) 35. h5 fxg4 36. hxg6+ Qxg6 37. Rf6 Qh5 {and the idea ...g3 leaves Black hopeful.} 38. Qxe4+ {[%mdl 64] Double Attack} Kh8 39. Qd4 {[%cal Rf6h6]} ({And not} 39. Qxe7 g3 $15) 39... Kh7 40. Qe4+ $40 {[%mdl 192] Double Attack. White attacks.} Kh8 $1 41. Rf4 {White is clearly winning.} (41. Qxe7 g3 $11) 41... Qh4 (41... Ng6 $142) 42. Rf7 (42. Nf5 $142 Nxf5 43. Rxf5) 42... Qe1+ 43. Kg2 {[%csl Ge4][%cal Rf7h7]} Qe2+ 44. Rf2 {Accuracy: White = 77%, Black = 42%.} 1-0

[Event "BL 2018-19"]
[Site "Berlin"]
[Date "2019.03.24"]
[Round "13.7"]
[White "Naumann, Alexander"]
[Black "Schmittdiel, Eckhard"]
[Result "1-0"]
[WhiteElo "2532"]
[BlackElo "2436"]
[Annotator "TA"]
[PlyCount "79"]
[EventDate "2018.11.10"]
[EventType "team-tourn"]
[EventCountry "GER"]
[SourceTitle "playchess.com"]
[Source "ChessBase"]
[SourceQuality "1"]
[WhiteTeam "Solingen"]
[BlackTeam "Augsburg"]

{[%evp 16,79,31,30,67,69,78,63,77,72,93,90,88,91,87,84,91,91,96,109,198,178,216,203,195,121,267,269,251,241,225,240,327,341,319,292,450,463,424,287,385,387,367,353,339,265,255,131,614,108,620,612,640,651,630,575,642,609,29977,6183,29993,29994,29995,29996,29996,29997]} 1. e4 e6 2. d4 d5 3. Nd2 a6 4. Ngf3 Nf6 5. e5 Nfd7 6. Bd3 c5 7. c3 Nc6 8. O-O Be7 9. Re1 {LiveBook: 25 Games. C06: French Tarrasch: 3...Nf6 4 e5 Nfd7 5 Bd3 main lines} Qb6 (9... c4 10. Bc2 b5 11. Nf1 Bb7 12. h3 h6 13. N3h2 Qb6 14. Qh5 g6 15. Bxg6 fxg6 16. Qxg6+ Kd8 17. Qxe6 {1-0 (38) Hou,Y (2612)-Zhou,W (2610) Danzhou 2011}) 10. dxc5 Nxc5 11. Bc2 {White is better.} a5 12. Nb3 Nxb3 13. axb3 Bd7 $146 14. Bg5 Bxg5 15. Nxg5 h6 16. Nf3 O-O-O 17. Qd2 f6 (17... Kc7 $16) 18. b4 fxe5 {[%cal Ra5b4] [#]} 19. bxa5 $1 ({Don't take} 19. Nxe5 $6 Nxe5 20. Rxe5 axb4) 19... Qc7 20. a6 (20. c4 $18) 20... bxa6 (20... b5 $16 21. Qe3 Kb8 22. Nxe5 Nxe5) 21. Rxa6 $18 Nb8 22. Ra3 e4 23. Nd4 e5 24. Nb3 Bb5 25. Qe3 Rd7 (25... Rd6 $142 26. Rea1 Na6) 26. Rea1 Rf8 27. Ra7 Qd6 28. Bd1 Rxa7 29. Rxa7 Bd7 30. Nc5 d4 31. cxd4 ({White has to play} 31. Qxe4 $18 Qxc5 32. Qb7+ Kd8 33. Qxb8+ Ke7 34. Qb7) 31... exd4 $2 {[%mdl 8192]} (31... Qxd4 $16 32. Be2 Rf6) 32. Nxe4 $2 (32. Qc1 $18 Qf4 33. Qc2) 32... Qb4 $2 {[%mdl 8192]} (32... Qxh2+ $16 33. Kxh2 dxe3 34. fxe3 Rf1) 33. Qc1+ Kd8 {[%cal Rb4e1] [#]} 34. Qc7+ Ke7 {[%cal Rb4e1]} 35. Qe5+ Kf7 {[%cal Rb4e1]} 36. Nc5 {[%csl Gc5][%cal Re5e6]} Re8 {Strongly threatening ...Qe1+.} 37. Bh5+ g6 38. Qf5+ {White mates.} Kg8 39. Qxg6+ Kh8 40. Qf6+ {Precision: White = 67%, Black = 28%.} 1-0

[Event "BL 2018-19"]
[Site "Berlin"]
[Date "2019.03.24"]
[Round "13.7"]
[White "Zumsande, Martin"]
[Black "Zude, Arno"]
[Result "1/2-1/2"]
[WhiteElo "2492"]
[BlackElo "2349"]
[Annotator "ChessBase"]
[PlyCount "126"]
[EventDate "2018.11.10"]
[EventType "team-tourn"]
[EventCountry "GER"]
[SourceTitle "playchess.com"]
[Source "ChessBase"]
[SourceQuality "1"]
[WhiteTeam "Werder Bremen"]
[BlackTeam "SV Hofheim"]
[TimeControl "40/6000+30:3000+30"]

1. e4 {[%emt 0:00:00]} e5 {[%emt 0:00:00]} 2. Nf3 {[%emt 0:00:00]} Nc6 {[%emt 0:00:00]} 3. Bc4 {[%emt 0:00:00]} Bc5 {[%emt 0:00:00]} 4. d3 {[%emt 0:00:00]} Nf6 {[%emt 0:00:12]} 5. O-O {[%emt 0:00:03]} O-O {[%emt 0:01:48]} 6. a4 {[%emt 0:00:34]} a5 {[%emt 0:02:12]} 7. Bg5 {[%emt 0:09:11]} h6 {[%emt 0:01:43]} 8. Bh4 {[%emt 0:00:26]} Be7 {[%emt 0:02:34]} 9. Nc3 {[%emt 0:15:57]} d6 {[%emt 0:01:58]} 10. Bxf6 {[%emt 0:03:12]} Bxf6 {[%emt 0:00:11]} 11. Nd5 {[%emt 0:00:07]} g6 {[%emt 0:01:05]} 12. c3 {[%emt 0:06:15]} Bg7 {[%emt 0:00:41]} 13. Nd2 {[%emt 0:14:12]} Nb8 {[%emt 0:17:29]} 14. Ne3 {[%emt 0:09:29]} c6 {[%emt 0:00:52]} 15. Qe2 {[%emt 0:06:46]} Be6 {[%emt 0:09:48]} 16. Bxe6 {[%emt 0:10:30]} fxe6 {[%emt 0:00:13]} 17. g3 {[%emt 0:00:35]} Nd7 {[%emt 0:05:53]} 18. f4 {[%emt 0:02:59]} exf4 {[%emt 0:09:03]} 19. gxf4 {[%emt 0:00:51]} Nf6 {[%emt 0:00:46]} 20. Rf2 {[%emt 0:04:50]} Kh7 {[%emt 0:03:19]} 21. Raf1 {[%emt 0:00:49]} d5 {[%emt 0:01:08]} 22. Kh1 {[%emt 0:04:41]} Qc7 {[%emt 0:09:25]} 23. Rg1 {[%emt 0:06:46]} Bh8 {[%emt 0:08:38]} 24. Nf3 {[%emt 0:03:39]} dxe4 {[%emt 0:17:26]} 25. Nh4 {[%emt 0:00:06]} Rg8 {[%emt 0:01:01]} 26. Nc4 {[%emt 0:03:31]} exd3 {[%emt 0:03:22]} 27. Qxd3 {[%emt 0:00:44]} Qd8 {[%emt 0:00:12]} 28. Qxd8 {[%emt 0:00:35]} Raxd8 {[%emt 0:00:03]} 29. Nxa5 {[%emt 0:00:48]} Rd5 {[%emt 0:05:08]} 30. Nc4 {[%emt 0:01:02]} Rh5 {[%emt 0:01:30]} 31. Nf3 {[%emt 0:00:29]} Nd5 {[%emt 0:00:50]} 32. Ne1 {[%emt 0:03:31]} Rd8 {[%emt 0:03:10]} 33. Ng2 {[%emt 0:00:49]} Rh3 {[%emt 0:00:39]} 34. Re1 {[%emt 0:00:25]} b5 {[%emt 0:01:22]} 35. Na5 {[%emt 0:00:42]} bxa4 {[%emt 0:00:57]} 36. Nxc6 {[%emt 0:00:02]} Rc8 {[%emt 0:00:11]} 37. Ne5 {[%emt 0:02:33]} a3 {[%emt 0:01:53]} 38. bxa3 {[%emt 0:00:01]} Rhxc3 {[%emt 0:00:11]} 39. Nh4 {[%emt 0:01:19]} Rc1 {[%emt 0:01:03]} 40. Rxc1 {[%emt 0:00:49]} Rxc1+ {[%emt 0:00:10]} 41. Kg2 {[%emt 0:50:04]} g5 {[%emt 0:05:36]} 42. Nhg6 {[%emt 0:00:00]} Bxe5 {[%emt 0:02:02]} 43. Nf8+ {[%emt 0:00:00]} Kg8 {[%emt 0:15:32]} 44. fxe5 {[%emt 0:00:00]} Nf4+ {[%emt 0:01:48]} 45. Rxf4 {[%emt 0:00:00]} gxf4 {[%emt 0:00:05]} 46. Nxe6 {[%emt 0:00:00]} Rc2+ {[%emt 0:02:00]} 47. Kf3 {[%emt 0:00:00]} Rxh2 {[%emt 0:00:26]} 48. Nxf4 {[%emt 0:00:00]} Ra2 {[%emt 0:00:39]} 49. Ke4 {[%emt 0:00:00]} Rxa3 {[%emt 0:00:25]} 50. Kf5 {[%emt 0:00:00]} Rf3 {[%emt 0:03:08]} 51. e6 {[%emt 0:00:00]} Rf1 {[%emt 0:03:29]} 52. Ke5 {[%emt 0:00:00]} Kg7 {[%emt 0:07:18]} 53. Kf5 {[%emt 0:00:00]} Kf8 {[%emt 0:03:23]} 54. Ke5 {[%emt 0:00:00]} Ke8 {[%emt 0:00:02]} 55. Kf5 {[%emt 0:00:00]} Ke7 {[%emt 0:00:26]} 56. Ke5 {[%emt 0:00:00]} Re1+ {[%emt 0:00:54]} 57. Kf5 {[%emt 0:00:00]} Rg1 {[%emt 0:02:39]} 58. Nd5+ {[%emt 0:03:58]} Kd6 {[%emt 0:00:04]} 59. Nf4 {[%emt 0:00:13]} Rg5+ {[%emt 0:06:07]} 60. Kf6 {[%emt 0:00:28]} Rg4 {[%emt 0:00:15]} 61. Nh5 {[%emt 0:02:05]} Re4 {[%emt 0:02:09]} 62. Ng7 {[%emt 0:00:58]} h5 {[%emt 0:01:29]} 63. Nxh5 {[%emt 0:02:06]} Rxe6+ {[%emt 0:00:10]} 1/2-1/2

[Event "BL 2018-19"]
[Site "Berlin"]
[Date "2019.03.10"]
[Round "13.8"]
[White "Moehn, Hans"]
[Black "Wagner, Dennis"]
[Result "0-1"]
[WhiteElo "2371"]
[BlackElo "2576"]
[Annotator "TA"]
[PlyCount "131"]
[EventDate "2018.11.10"]
[EventType "team-tourn"]
[EventCountry "GER"]
[SourceTitle "playchess.com"]
[Source "ChessBase"]
[SourceQuality "1"]
[WhiteTeam "Dresden"]
[BlackTeam "Hockenheim"]

{[%evp 12,131,21,25,17,12,18,15,14,-14,11,0,0,0,0,0,-8,0,0,0,0,0,0,-15,0,-2,0,0,8,-23,-25,-16,-23,-100,-81,-114,-116,-109,-91,-94,-51,-95,-2,-99,-102,-139,-131,-133,-133,-134,-133,-139,-135,-136,-125,-134,-141,-135,-133,-132,-137,-137,-144,-214,-166,-165,-160,-160,-158,-192,-193,-179,-177,-219,-185,-289,-287,-410,-398,-424,-389,-477,-460,-417,-395,-582,-208,-182,0,-589,-580,-562,-459,-546,-471,-1110,-1108,-977,-991,-1411,-1293,-1159,-1309,-1615,-1550,-1822,-1896,-1542,-1488,-1659,-984,-29984,-29985,-29986,-29987,-29987,-29988,-29987,-29988,-29989,-29989,-29990]} 1. Nf3 g6 2. g3 Bg7 3. d4 c5 4. c3 Qc7 5. Bg2 Nf6 6. O-O O-O 7. Re1 d5 {A49: 1 d4 Nf6 2 Nf3 g6 3 g3: Anti-King's Indian systems} 8. Bf4 Qb6 9. Qb3 Nc6 {The position is equal.} 10. Na3 {[%cal Bb1a3,Ba3c4,Bc4e5][%mdl 32]} (10. dxc5 Qxc5 11. Nbd2 Re8 12. Be3 Qa5 13. c4 d4 14. Bg5 h6 15. Bxf6 exf6 {½-½ (61) Aronian,L (2792)-Vachier Lagrave,M (2789) Leuven 2016}) 10... h6 $146 ({Predecessor:} 10... Qxb3 11. axb3 cxd4 12. Nxd4 {½-½ (12) Stefanova,A (2522)-Gaponenko,I (2384) Sochi 2015}) 11. dxc5 Qxc5 12. Be3 Qa5 13. c4 dxc4 14. Nxc4 Qa6 15. Nce5 Be6 16. Qd3 Qxd3 17. Nxd3 Nd5 18. Bd2 Nb6 19. Nc5 Bd5 20. Bc3 Bxc3 21. bxc3 Na5 22. Ne5 (22. Bh3 $11 {remains equal.}) 22... Rac8 23. Ned3 Bxg2 24. Kxg2 Nd5 25. Rac1 b6 26. Na4 Rc4 (26... Nc4 $17) 27. Ndb2 (27. Nab2 $1 $11 {was the only way to keep the balance.}) 27... Rc7 $17 28. c4 {[#]} Rfc8 $1 {[%cal Ra5c4]} 29. Nc3 Nxc3 30. Rxc3 Nxc4 31. Nxc4 Rxc4 {[%mdl 4096] Endgame KRR-KRR} 32. Ra3 R8c7 33. Rd1 Rc2 34. Kf3 Kg7 35. Rdd3 f5 36. Ra4 Kf6 37. g4 (37. Ke3 $17) 37... R2c4 38. Rxc4 Rxc4 39. gxf5 gxf5 $19 {KR-KR} 40. Ra3 a5 41. Rb3 {[#]} Rb4 $1 {[%cal Rb4b3]} 42. Rc3 e6 43. e3 (43. Rc7 $142) 43... a4 44. Rc8 (44. Rc2 {might work better.}) 44... Rb2 45. a3 Ke5 46. h4 Rb3 47. Rb8 h5 48. Rb7 (48. Ke2 {was worth a try.}) 48... Rb2 $2 (48... b5 49. Ke2 Kd5) 49. Rh7 Rb3 $2 (49... Ra2 50. Rxh5 Rxa3) 50. Rb7 $1 b5 51. Rb6 Rb2 52. Ra6 Kd5 53. Kg3 (53. Rb6 $142 b4 54. axb4) 53... Rb3 54. Rb6 Kc5 55. Rxe6 Rxa3 56. Re5+ Kc4 57. Rxf5 b4 58. Rf8 Rd3 59. Ra8 a3 60. Kf4 Kb3 {Hoping for ...a2.} 61. Ke4 Rd1 {Black mates.} 62. f4 a2 63. f5 a1=Q 64. Rxa1 Rxa1 65. f6 Rf1 66. Kd4 {Accuracy: White = 39%, Black = 68%.} 0-1

[Event "BL 2018-19"]
[Site "Berlin"]
[Date "2019.03.24"]
[Round "13.8"]
[White "Kukov, Velislav"]
[Black "Wegerle, Joerg"]
[Result "1/2-1/2"]
[WhiteElo "2362"]
[BlackElo "2409"]
[Annotator "NA"]
[PlyCount "41"]
[EventDate "2018.11.10"]
[EventType "team-tourn"]
[EventCountry "GER"]
[SourceTitle "playchess.com"]
[Source "ChessBase"]
[SourceQuality "1"]
[WhiteTeam "Augsburg"]
[BlackTeam "Solingen"]
[TimeControl "40/6000+30:3000+30"]

1. Nf3 {[%emt 0:00:00]} d5 {[%emt 0:00:00]} 2. g3 {[%emt 0:00:00]} Nf6 {[%emt 0:00:35]} 3. Bg2 {[%emt 0:00:00]} c6 {[%emt 0:00:37]} 4. O-O {[%emt 0:01:17]} Bg4 {[%emt 0:04:24]} 5. d4 {[%emt 0:00:10]} Nbd7 {[%emt 0:00:38]} 6. Nbd2 {[%emt 0:00:10]} e6 {[%emt 0:00:58]} 7. Re1 {[%emt 0:00:06]} Be7 {[%emt 0:02:58]} 8. e4 {[%emt 0:00:10]} dxe4 {[%emt 0:00:27]} 9. Nxe4 {[%emt 0:00:06]} Nxe4 {[%emt 0:02:40]} 10. Rxe4 {[%emt 0:00:23]} Bf5 {[%emt 0:01:21]} 11. Re1 {[%emt 0:00:09]} O-O {[%emt 0:01:23]} 12. c3 {[%emt 0:00:26]} Qb6 {[%emt 0:02:37]} 13. Qb3 {[%emt 0:02:06]} h6 {[%emt 0:14:20] D02: 1 d4 d5 2 Nf3 sidelines, including 2...Nf6 3 g3 and 2...Nf6 3 Bf4} (13... a5 14. Bg5 Bd6 15. Nd2 a4 16. Qxb6 Nxb6 17. Ne4 Bxe4 18. Bxe4 h6 19. Bc1 Rfe8 20. Kf1 e5 21. dxe5 Bxe5 {1-0 (72) Meier,G (2630)-Fontaine,R (2549) chess.com INT 2017}) 14. Nd2 {[%emt 0:11:59]} a5 {[%emt 0:09:16]} 15. Ne4 {[%emt 0:17:18]} a4 {[%emt 0:03:49]} 16. Qxb6 {[%emt 0:05:15]} Nxb6 {[%emt 0:00:18]} 17. Bf4 {[%emt 0:03:17]} Ra7 $146 {[%emt 0:14:25]} 18. Bd6 {[%emt 0:13:10]} Bxe4 {[%emt 0:10:35]} 19. Bxe7 $11 {[%emt 0:00:18]} Re8 {[%emt 0:00:10]} 20. Bc5 {[%emt 0:08:36]} Bxg2 {[%emt 0:00:25]} 21. Bxb6 {[%emt 0:00:10]} 1/2-1/2

[Event "BL 2018-19"]
[Site "Berlin"]
[Date "2019.03.24"]
[Round "13.8"]
[White "Brendel, Oliver"]
[Black "Fish, Gennadij"]
[Result "1/2-1/2"]
[WhiteElo "2343"]
[BlackElo "2457"]
[Annotator "TA"]
[PlyCount "43"]
[EventDate "2018.11.10"]
[EventType "team-tourn"]
[EventCountry "GER"]
[SourceTitle "playchess.com"]
[Source "ChessBase"]
[SourceQuality "1"]
[WhiteTeam "SV Hofheim"]
[BlackTeam "Werder Bremen"]

{[%evp 23,43,21,41,28,35,30,46,50,55,44,48,32,42,39,50,26,65,0,43,0,58,0]} 1. c4 c5 2. g3 Nc6 3. Bg2 g6 4. Nf3 Bg7 5. Nc3 Nf6 6. d4 cxd4 7. Nxd4 Nxd4 8. Qxd4 O-O 9. O-O d6 10. Qd3 a6 11. Be3 Bf5 12. Qd2 Qd7 13. Rfd1 {A39: Symmetrical English vs ...g6: 4 Bg2 Bg7 5 Nf3 Nf6 6 0-0 0-0 7 d4} Rab8 (13... Bh3 14. Bh1 Rac8 15. c5 Ng4 16. cxd6 Nxe3 17. Qxe3 exd6 18. a4 Rfe8 19. Qd3 Bxc3 20. bxc3 b5 21. axb5 axb5 {½-½ (35) Gonda,L (2536)-Vorobiov,E (2561) Amantea 2018}) 14. Bb6 Bh3 {[#] Threatens to win with ...Bxg2.} 15. Bh1 Qg4 $146 ({Predecessor:} 15... Rbc8 16. b3 d5 17. cxd5 Rxc3 18. Qxc3 Nxd5 19. Qf3 Bxa1 20. Qxd5 Qxd5 21. Bxd5 {1-0 (33) Hryniw,M (2241)-Elwood,D (1772) ICCF email 2012}) 16. b3 Qh5 17. Rac1 Be6 18. Bf3 Bg4 19. Bg2 Bh3 20. Bf3 Bg4 $1 21. Bg2 Bh3 22. Bf3 {Accuracy: White = 39%, Black = 30%.} ({Better is} 22. Nd5 $14 Nxd5 23. Bxd5) 1/2-1/2

[Event "BL 2018-19"]
[Site "Berlin"]
[Date "2019.03.24"]
[Round "13.8"]
[White "Junge, Ralph"]
[Black "Shirov, Alexei"]
[Result "0-1"]
[WhiteElo "2270"]
[BlackElo "2639"]
[Annotator "TA"]
[PlyCount "80"]
[EventDate "2018.11.10"]
[EventType "team-tourn"]
[EventCountry "GER"]
[SourceTitle "playchess.com"]
[Source "ChessBase"]
[SourceQuality "1"]
[WhiteTeam "Kiel"]
[BlackTeam "Baden-Baden"]

{[%evp 9,79,47,47,43,47,57,54,41,35,35,68,51,75,43,66,36,35,-13,-12,-10,-11,-6,0,-26,-33,-33,-23,-35,-40,-37,-30,-23,-15,-27,-29,-30,-54,-39,-20,-65,-72,-156,-152,-147,-142,-143,-146,-147,-66,-146,-41,-43,-39,-146,-146,-146,-146,-239,-239,-299,-294,-286,-286,-369,-364,-403,-391,-449,-458,-29991,-29992,-29999]} 1. d4 Nf6 2. Bg5 e6 3. e4 c5 4. d5 h6 5. Bxf6 Qxf6 6. Nc3 {A45: Trompowsky Attack} a6 7. Nf3 d6 8. Be2 {White is slightly better.} e5 9. a4 Qd8 $146 ({Predecessor:} 9... g6 10. O-O Bg7 11. Nd2 O-O 12. Nc4 {½-½ (38) Kanep,M (2485)-Piorun,K (2657) Tallinn 2016}) 10. Nd2 Be7 11. Bg4 Nd7 12. Nc4 b6 {[%cal Bb7b6,Bb6b5][%mdl 32]} 13. a5 b5 14. Bxd7+ Bxd7 15. Nb6 Rb8 16. Nxd7 (16. Qe2 {feels hotter.} O-O 17. O-O Bg5 18. Nd1 g6 19. f3) 16... Qxd7 17. O-O O-O 18. Qd3 g6 19. Nd1 f5 20. exf5 gxf5 21. Qh3 Bg5 22. g3 Qg7 23. Kh1 {With the idea f4.} Qf7 24. Qg2 Kh7 25. f4 (25. b3 $142) 25... exf4 $17 26. gxf4 Bf6 27. Ra3 Rbe8 28. Rg3 Bh4 (28... Re4 $17 29. c3 Rfe8) 29. Re3 (29. Rgf3 $15) 29... Rg8 ({Black should play} 29... Bd8 $1 $17 30. Qd2 Rxe3 31. Nxe3 Qe7) 30. Qf3 $15 Bd8 31. Rfe1 (31. Rxe8 $15 Rxe8 32. Ne3) 31... Bxa5 $17 32. c3 c4 33. Re6 {[#]} (33. Rxe8 $17 Rxe8 34. Rxe8 Qxe8 35. Ne3) 33... Bb6 $1 $19 34. h3 Bc5 35. Kh2 a5 36. Nf2 {[#]} Rxe6 $1 37. dxe6 Qe7 38. Nh1 {[#]} Qxe6 $1 {[%mdl 512]} 39. Qb7+ (39. Ra1 $19 d5 40. Rd1) (39. Rxe6 Bg1#) 39... Kh8 40. Rxe6 Bg1# {Accuracy: White = 38%, Black = 70%.} 0-1